000 00760nam a2200253Ia 4500
003 OSt
005 20220918164852.0
006 a|||||r|||| 00| 0
007 ta
008 220917b |||||||| |||| 00| 0 eng d
020 _a080395431X (hbk)
024 _a48,085
037 _cTextual
040 _aARTS
_cARTS
_beng
041 _2eng
_aeng
082 _aE:(D65,8(B)), N4
245 0 _aFactor analysis and related techniques edited by Micheal S.Lewisbeck
260 _aLondon
_bSage Pub
_c1994
300 _ax,424p.
_ccm.
490 _aInternational handbooks of quantitative applications in the social sciences; v5
650 _aCHEMISTRY; ENGINEERING
_921358
942 _hE:(D65,8(B)), N4
_cTEXL
_2CC
999 _c127104
_d127104